[Event "German Bundesliga 2021-22"]
[Site "Germany"]
[Date "2022.04.09"]
[Round "3.9"]
[White "Keymer, Vincent"]
[Black "Haria, Ravi"]
[Result "1-0"]
[WhiteElo "2664"]
[BlackElo "2490"]
[Annotator "TA"]
[PlyCount "114"]
[EventDate "2022.03.05"]
[EventType "team-tourn"]
[EventCountry "GER"]
[SourceTitle "playchess.com"]
[Source "ChessBase"]
[SourceQuality "1"]
[TimeControl "40/5400+30:1800+30"]

{[%evp 20,114,10,20,17,24,22,12,11,10,31,26,28,28,26,25,31,22,41,9,26,0,0,-11,0,0,0,0,0,0,0,0,0,0,0,0,49,55,56,54,44,0,0,7,0,0,2,0,75,18,8,10,35,27,27,35,35,35,35,35,50,50,50,50,50,50,50,50,50,0,57,57,57,57,57,57,57,57,57,57,57,9,9,34,218,218,218,218,242,242,637,534,5608,5608,5608,5608,4515]} 1. c4 {[%emt 0:00:00]} e6 {[%emt 0:00:00]} 2. Nc3 {[%emt 0:00:00]} Nf6 {[%emt 0:00:00]} 3. e4 {[%emt 0:00:00][%cal Be2e4,Be4e5][%mdl 32]} c5 {[%emt 0:00:00]} 4. e5 {[%emt 0:00:00]} Ng8 {[%emt 0:00:00]} 5. Nf3 {[%emt 0:00:00]} Nc6 {[%emt 0:00:00]} 6. d4 {[%emt 0:00:00]} cxd4 {[%emt 0:00:00]} 7. Nxd4 {[%emt 0:00:00]} Nxe5 {[%emt 0:00:00]} 8. Ndb5 {[%emt 0:00:00]} a6 {[%emt 0:00:00]} 9. Nd6+ {[%emt 0:00:00]} Bxd6 {[%emt 0:00:00]} 10. Qxd6 {[%emt 0:00:00]} f6 {[%emt 0:00:50]} 11. Be3 {[%emt 0:03:47]} Ne7 {[%emt 0:01:51] A19: English Opening: Flohr-Mikenas System with 3...c5.} 12. Bb6 {[%emt 0:02:24]} Nf5 {[%emt 0:00:15]} 13. Qb4 {[%emt 0:09:24] The modern move.} Nc6 {[%emt 0:01:56] The position is equal.} 14. Qc5 {[%emt 0:03:04]} d6 {[%emt 0:00:27]} 15. Bxd8 {[%emt 0:00:20]} dxc5 {[%emt 0:00:07]} 16. Bb6 {[%emt 0:00:03]} (16. Bc7 {with more complications.} Kd7 17. Bb6 Ne5 18. Na4) 16... Ne5 {[%emt 0:02:54]} 17. Bxc5 {[%emt 0:07:50]} g5 {[%emt 0:04:05]} 18. Be2 {[%emt 0:05:22]} h5 {[%emt 0:01:02] [#]} 19. Ne4 $146 {[%emt 0:15:18]} ({Predecessor:} 19. O-O-O Bd7 20. Rhe1 Bc6 21. Bf1 Kf7 22. b4 Rhc8 23. Kb2 a5 24. a3 Be8 25. h3 {0-1 (47) Matlakov,M (2716)-Thybo,J (2550) Batumi 2019}) 19... Kf7 {[%emt 0:11:31]} 20. O-O {[%emt 0:04:24]} Bd7 {[%emt 0:15:22][%cal Bc8d7,Bd7c6,Bc6d5][%mdl 32]} 21. b4 {[%emt 0:09:39]} Bc6 {[%emt 0:15:29]} 22. Nd6+ {[%emt 0:01:52]} Nxd6 {[%emt 0:02:29]} 23. Bxd6 {[%emt 0:00:02]} Ng6 {[%emt 0:02:42]} (23... h4 {keeps more tension.} 24. f4 gxf4 25. Rxf4 Ng6) 24. b5 {[%emt 0:06:12]} axb5 {[%emt 0:01:44]} 25. cxb5 {[%emt 0:00:01]} Bd5 {[%emt 0:02:44]} 26. Rfc1 {[%emt 0:02:20]} Nf4 {[%emt 0:06:40]} 27. Bf1 {[%emt 0:05:33] A strong pair of Bishops.} h4 {[%emt 0:09:05]} (27... e5 $11) 28. a4 {[%emt 0:03:44]} e5 {[%emt 0:04:52]} 29. Rc7+ {[%emt 0:00:59]} Kg6 {[%emt 0:05:14]} 30. f3 {[%emt 0:02:44]} Rad8 {[%emt 0:05:05]} 31. Bb4 {[%emt 0:02:49]} h3 {[%emt 0:02:21]} 32. g3 {[%emt 0:00:39]} Ne6 {[%emt 0:00:26]} 33. Rc3 {[%emt 0:00:26]} e4 {[%emt 0:01:48]} (33... Nd4 $11 34. Kf2 Rc8) 34. fxe4 {[%emt 0:01:39]} ({White should play} 34. Rd1 $16 {And now Ba5 would win.} Ba2 35. Rxd8 Rxd8 36. fxe4 (36. Bxh3 Rd4 $14)) 34... Bxe4 $11 {[%emt 0:00:07]} 35. Re3 {[%emt 0:03:37]} f5 {[%emt 0:00:55]} 36. Bc3 {[%emt 0:00:46]} Nd4 {[%emt 0:01:21]} 37. Bxd4 {[%emt 0:04:17]} Rxd4 {[%emt 0:00:07]} 38. a5 {[%emt 0:00:06][%cal Og3g4]} g4 {[%emt 0:01:52]} 39. a6 {[%emt 0:00:22]} bxa6 {[%emt 0:00:33]} 40. bxa6 {[%emt 0:00:07]} Ra8 {[%emt 0:03:36]} 41. a7 {[%emt 0:34:35]} Rd7 {[%emt 0:00:00]} 42. Rea3 {[%emt 0:00:00]} Rc7 {[%emt 0:00:00]} 43. Be2 {[%emt 0:00:00]} Rc2 {[%emt 0:00:00]} 44. Bf1 {[%emt 0:00:00]} Rc7 $1 {[%emt 0:00:00]} 45. R3a2 {[%emt 0:00:00]} Kg5 {[%emt 0:06:58]} 46. Ra5 {[%emt 0:00:00]} Kf6 {[%emt 0:01:19]} 47. Ra6+ {[%emt 0:00:00]} Kg5 {[%emt 0:05:19]} 48. R6a2 {[%emt 0:00:00]} Bd5 {[%emt 0:01:08]} 49. Ra5 {[%emt 0:00:00]} Be4 {[%emt 0:01:28]} 50. Be2 {[%emt 0:00:00]} (50. R1a2 $14) 50... Rc2 {[%emt 0:01:56]} 51. Kf2 {[%emt 0:00:00]} Bf3 $2 {[%emt 0:02:14] [#] Black cannot hold the game after this.} (51... Re8 $14 52. R5a2 Rcc8) 52. R1a2 $1 $18 {[%emt 0:00:00]} Rxa2 {[%emt 0:06:18]} (52... Rc3 53. Bxf3) 53. Rxa2 {[%emt 0:00:00]} Be4 {[%emt 0:00:42]} 54. Ra5 {[%emt 0:00:00]} Rc8 $2 {[%emt 0:02:33] [#]} (54... Rd8 55. Ke3 Rc8) 55. Bd3 $1 {[%emt 0:00:00][%mdl 512] White threatens Bxe4 and mate. White is clearly winning.} Bxd3 {[%emt 0:03:00]} (55... Bg2 56. Rxf5+) 56. a8=Q {[%emt 0:00:00]} Rxa8 {[%emt 0:00:11]} 57. Rxa8 {[%emt 0:00:00]} Kf6 {Weighted Error Value: White=0.07 (flawless) /Black=0.24 (precise)} 1-0

[Event "German Bundesliga 2021-22"]
[Site "Germany"]
[Date "2022.04.09"]
[Round "3.9"]
[White "Moiseenko, Alexander"]
[Black "Nisipeanu, Liviu-Dieter"]
[Result "1/2-1/2"]
[WhiteElo "2602"]
[BlackElo "2652"]
[Annotator "RC"]
[PlyCount "40"]
[EventDate "2022.03.05"]
[EventType "team-tourn"]
[EventCountry "GER"]
[SourceTitle "playchess.com"]
[Source "ChessBase"]
[SourceQuality "1"]
[TimeControl "40/5400+30:1800+30"]

1. d4 {[%emt 0:00:00]} d5 {[%emt 0:00:00]} 2. c4 {[%emt 0:00:00]} e6 {[%emt 0:00:00]} 3. Nf3 {[%emt 0:00:00]} Nf6 {[%emt 0:00:00]} 4. Nc3 {[%emt 0:00:00]} dxc4 {[%emt 0:00:00]} 5. e4 {[%emt 0:00:00]} b5 {[%emt 0:00:00]} 6. e5 {[%emt 0:00:00]} Nd5 {[%emt 0:00:00]} 7. Nxb5 {[%emt 0:00:00]} Nb6 {[%emt 0:00:00]} 8. Be2 {[%emt 0:00:00]} Be7 {[%emt 0:00:00]} 9. O-O {[%emt 0:00:00]} Nc6 {[%emt 0:00:00]} 10. Be3 {[%emt 0:00:04]} O-O {[%emt 0:00:00]} 11. Qc1 {[%emt 0:05:25]} Qd7 {[%emt 0:16:29]} 12. b3 {[%emt 0:24:01]} cxb3 {[%emt 0:08:08]} 13. axb3 {[%emt 0:00:34]} Bb7 {[%emt 0:00:05]} 14. Rd1 {[%emt 0:01:33]} a6 {[%emt 0:03:15]} 15. Nc3 {[%emt 0:05:03]} Nb4 {[%emt 0:00:08]} 16. Ng5 {[%emt 0:06:32]} N6d5 {[%emt 0:09:04]} 17. Nxd5 {[%emt 0:02:39]} Bxd5 {[%emt 0:02:24]} 18. Qb1 {[%emt 0:01:03]} Bxg5 {[%emt 0:03:51]} 19. Bxg5 {[%emt 0:00:03]} Rfb8 {[%emt 0:00:37]} 20. Ra3 {[%emt 0:05:00]} h6 {[%emt 0:00:29]} 1/2-1/2

[Event "German Bundesliga 2021-22"]
[Site "Germany"]
[Date "2022.04.09"]
[Round "3.10"]
[White "Piorun, Kacper"]
[Black "Papp, Gabor"]
[Result "1-0"]
[WhiteElo "2641"]
[BlackElo "2576"]
[Annotator "TA"]
[PlyCount "55"]
[EventDate "2022.03.05"]
[EventType "team-tourn"]
[EventCountry "GER"]
[SourceTitle "playchess.com"]
[Source "ChessBase"]
[SourceQuality "1"]
[TimeControl "40/5400+30:1800+30"]

{[%evp 16,55,0,0,0,0,0,0,18,13,51,44,26,43,34,26,33,44,73,45,105,35,112,83,178,226,245,186,188,164,385,400,444,460,477,473,470,452,451,448,29988,29989]} 1. d4 {[%emt 0:02:14]} Nf6 {[%emt 0:00:00]} 2. Nf3 {[%emt 0:00:05]} e6 {[%emt 0:00:00]} 3. e3 {[%emt 0:00:32]} b6 {[%emt 0:00:00]} 4. Bd3 {[%emt 0:00:16]} Bb7 {[%emt 0:00:00]} 5. O-O {[%emt 0:00:20]} d5 {[%emt 0:00:00]} 6. b3 {[%emt 0:00:09]} Bd6 {[%emt 0:00:00]} 7. Bb2 {[%emt 0:00:08]} O-O {[%emt 0:00:00]} 8. Qe2 {[%emt 0:00:16]} c5 {[%emt 0:00:00]} 9. Nbd2 {[%emt 0:02:31]} Nc6 {[%emt 0:10:05] D05: Colle System with ...e6.} 10. a3 {[%emt 0:00:07] Against Nb4} Rc8 {[%emt 0:04:42]} 11. Rfd1 {[%emt 0:06:06]} Qc7 {[%emt 0:17:49] The position is equal.} 12. dxc5 {[%emt 0:03:35] [#]} Bxc5 $146 {[%emt 0:00:10]} ({Predecessor:} 12... bxc5 13. e4 Ne5 14. Nxe5 Bxe5 15. Bxe5 Qxe5 16. Nf3 Qh5 17. e5 Ne4 18. Re1 Nc3 {0-1 (62) Grebeniuk,S (2254)-Sebenik,M (2546) Chess.com INT 2017}) 13. c4 {[%emt 0:06:11]} Be7 {[%emt 0:05:48]} 14. Rac1 {[%emt 0:04:30]} Qb8 {[%emt 0:03:15]} 15. cxd5 {[%emt 0:08:52]} Nxd5 {[%emt 0:03:14]} 16. Ne4 {[%emt 0:00:18]} h6 {[%emt 0:02:58] Prevents Nfg5.} 17. b4 {[%emt 0:06:18]} Rfd8 {[%emt 0:04:39] [#]} ({Black should try} 17... Nf6 $14) 18. Bb1 {[%emt 0:15:27]} (18. b5 $1 $16 {[%cal Rb5c6]} Na5 19. Ne5) 18... Bf8 {[%emt 0:09:54]} (18... f5 19. Ng3 $16) (18... Nf6 $14) 19. Ng3 {[%emt 0:20:53] &Bianco is more active.} Nde7 {[%emt 0:12:35]} (19... Nf6 $16 {was worth a try.}) 20. h4 $18 {[%emt 0:09:10][%cal Bh2h4,Bh4h5][%mdl 32]} (20. Qc2 $6 Ng6 $14) 20... Rxd1+ {[%emt 0:09:46]} 21. Rxd1 {[%emt 0:00:14] Hoping for Qd3.} ({Much less strong is} 21. Qxd1 $6 Nd8 22. Rxc8 Qxc8 $16) 21... Rd8 {[%emt 0:00:06] [#]} 22. Rc1 $1 $40 {[%emt 0:00:25][%mdl 128] Strongly threatening Qc2. White wants a kill.} Nd5 $2 {[%emt 0:01:41]} (22... Qd6 {was necessary.} 23. Qc2 f5) 23. Qc2 {[%emt 0:03:52][%csl Gb1][%cal Rc2h7]} g6 {[%emt 0:00:27]} 24. h5 {[%emt 0:00:35]} Nce7 {[%emt 0:00:47]} 25. e4 {[%emt 0:01:34]} Rc8 {[%emt 0:00:31]} 26. Qd2 {[%emt 0:00:37] Black must now prevent Rxc8.} Rxc1+ {[%emt 0:01:46]} 27. Qxc1 {[%emt 0:00:06]} Nc7 {[%emt 0:01:15]} (27... Qc7 $18 28. Qd2 Qf4) 28. Qc3 {[%emt 0:00:07] Weighted Error Value: White=0.08 (flawless) /Black=0.76} 1-0

[Event "German Bundesliga 2021-22"]
[Site "Germany"]
[Date "2022.04.09"]
[Round "3.10"]
[White "Bartel, Mateusz"]
[Black "Fridman, Daniel"]
[Result "1/2-1/2"]
[WhiteElo "2616"]
[BlackElo "2626"]
[Annotator "RC"]
[PlyCount "95"]
[EventDate "2022.03.05"]
[EventType "team-tourn"]
[EventCountry "GER"]
[SourceTitle "playchess.com"]
[Source "ChessBase"]
[SourceQuality "1"]
[TimeControl "40/5400+30:1800+30"]

1. e4 {[%emt 0:00:00]} c6 {[%emt 0:00:00]} 2. d4 {[%emt 0:00:00]} d5 {[%emt 0:00:00]} 3. e5 {[%emt 0:00:00]} c5 {[%emt 0:00:00]} 4. dxc5 {[%emt 0:00:00]} e6 {[%emt 0:00:00]} 5. Bd3 {[%emt 0:00:00]} Nc6 {[%emt 0:00:00]} 6. Nf3 {[%emt 0:00:00]} Bxc5 {[%emt 0:00:00]} 7. a3 {[%emt 0:00:00]} f6 {[%emt 0:00:00]} 8. b4 {[%emt 0:00:00]} Be7 {[%emt 0:00:00]} 9. Bb2 {[%emt 0:00:00]} Nh6 {[%emt 0:00:00]} 10. O-O {[%emt 0:00:00]} Nf7 {[%emt 0:14:15]} 11. exf6 {[%emt 0:04:07]} Bxf6 {[%emt 0:00:12]} 12. Bxf6 {[%emt 0:00:08]} Qxf6 {[%emt 0:00:04]} 13. Nbd2 {[%emt 0:00:08]} O-O {[%emt 0:11:53]} 14. c4 {[%emt 0:00:14]} Nce5 {[%emt 0:06:17]} 15. Be2 {[%emt 0:10:10]} Rd8 {[%emt 0:00:23]} 16. Qb3 {[%emt 0:02:55]} b6 {[%emt 0:03:38]} 17. cxd5 {[%emt 0:07:59]} exd5 {[%emt 0:00:08]} 18. Rac1 {[%emt 0:00:05]} Ng6 {[%emt 0:07:56]} 19. Rfe1 {[%emt 0:03:06]} Nf4 {[%emt 0:01:56]} 20. Bf1 {[%emt 0:00:02]} Bg4 {[%emt 0:06:50]} 21. Rc7 {[%emt 0:14:54]} Rf8 {[%emt 0:05:02]} 22. Qe3 {[%emt 0:09:52]} Qd6 {[%emt 0:18:24]} 23. Qe7 {[%emt 0:03:06]} Qxe7 {[%emt 0:02:59]} 24. Rexe7 {[%emt 0:01:02]} Ng6 {[%emt 0:00:08]} 25. Re1 {[%emt 0:01:42]} Rfc8 {[%emt 0:00:32]} 26. Rxc8+ {[%emt 0:05:20]} Rxc8 {[%emt 0:00:52]} 27. Ba6 {[%emt 0:00:02]} Rc3 {[%emt 0:02:43]} 28. Re8+ {[%emt 0:00:49]} Nf8 {[%emt 0:00:00]} 29. h3 {[%emt 0:00:09]} Bd7 {[%emt 0:04:52]} 30. Ra8 {[%emt 0:01:50]} Rxa3 {[%emt 0:01:34]} 31. Bb7 {[%emt 0:00:04]} g6 {[%emt 0:01:01]} 32. Bxd5 {[%emt 0:00:55]} Kg7 {[%emt 0:00:07]} 33. Nc4 {[%emt 0:02:14]} Ra4 {[%emt 0:00:55]} 34. Bxf7 {[%emt 0:18:27]} Kxf7 {[%emt 0:00:08]} 35. b5 {[%emt 0:00:02]} Kg7 {[%emt 0:08:09]} 36. Nxb6 {[%emt 0:00:48]} Ra1+ {[%emt 0:00:05]} 37. Kh2 {[%emt 0:00:00]} Bxb5 {[%emt 0:00:21]} 38. Nd4 {[%emt 0:00:24]} Bd7 {[%emt 0:01:55]} 39. Nxd7 {[%emt 0:02:51]} Nxd7 {[%emt 0:00:06]} 40. Nc6 {[%emt 0:00:03]} Ra6 {[%emt 0:01:58]} 41. Rxa7 {[%emt 0:30:14]} Rxc6 {[%emt 0:30:05]} 42. Rxd7+ {[%emt 0:00:03]} Kg8 {[%emt 0:00:09]} 43. g4 {[%emt 0:00:04]} Rc5 {[%emt 0:01:14]} 44. Kg3 {[%emt 0:00:37]} h5 {[%emt 0:02:38]} 45. Kh4 {[%emt 0:00:03]} hxg4 {[%emt 0:00:36]} 46. hxg4 {[%emt 0:00:02]} Ra5 {[%emt 0:02:19]} 47. f4 {[%emt 0:00:03]} Kf8 {[%emt 0:00:39]} 48. Rb7 {[%emt 0:03:15]} 1/2-1/2

[Event "German Bundesliga 2021-22"]
[Site "Germany"]
[Date "2022.04.09"]
[Round "3.10"]
[White "Santos Ruiz, Miguel"]
[Black "Kryvoruchko, Yuriy"]
[Result "1/2-1/2"]
[WhiteElo "2596"]
[BlackElo "2683"]
[Annotator "TA"]
[PlyCount "43"]
[EventDate "2022.03.05"]
[EventType "team-tourn"]
[EventCountry "GER"]
[SourceTitle "playchess.com"]
[Source "ChessBase"]
[SourceQuality "1"]
[TimeControl "40/5400+30:1800+30"]

{[%evp 18,43,22,15,18,22,16,13,17,20,23,24,21,14,24,17,18,10,15,9,13,0,6,3,11,17,14,0]} 1. e4 {[%emt 0:00:00]} e5 {[%emt 0:00:00]} 2. Nf3 {[%emt 0:00:00]} Nc6 {[%emt 0:00:00]} 3. Bb5 {[%emt 0:00:00]} Nf6 {[%emt 0:00:00]} 4. O-O {[%emt 0:00:00][%cal Bh1f1,Bf1e1,Be1e5][%mdl 32]} Nxe4 {[%emt 0:00:00]} 5. Re1 {[%emt 0:00:00]} Nd6 {[%emt 0:00:00]} 6. Nxe5 {[%emt 0:00:00]} Be7 {[%emt 0:00:00]} 7. Bf1 {[%emt 0:00:00]} Nxe5 {[%emt 0:00:00]} 8. Rxe5 {[%emt 0:00:00]} O-O {[%emt 0:00:00]} 9. d4 {[%emt 0:00:00]} Bf6 {[%emt 0:00:00]} 10. Re1 {[%emt 0:00:00]} Re8 {[%emt 0:00:00] C67: Ruy Lopez: Berlin Defence: 4 0-0 Nxe4.} 11. Bf4 {[%emt 0:00:00]} Rxe1 {[%emt 0:00:00]} 12. Qxe1 {[%emt 0:00:00]} Ne8 {[%emt 0:00:00]} 13. c3 {[%emt 0:00:00]} d5 {[%emt 0:00:00]} 14. Nd2 {[%emt 0:00:00]} g6 {[%emt 0:00:00]} 15. Nf3 {[%emt 0:00:00]} Ng7 {[%emt 0:02:24]} 16. Qd2 {[%emt 0:00:00]} c6 {[%emt 0:15:23] The position is equal.} 17. Re1 {[%emt 0:03:05]} Bf5 {[%emt 0:02:26] [#]} 18. Bh6 $5 $146 {[%emt 0:09:52][%mdl 8] New and interesting.} ({Predecessor:} 18. Bg5 Ne6 19. Bxf6 Qxf6 20. Ne5 Re8 21. Bd3 Bxd3 22. Nxd3 Qd8 23. h3 Ng7 24. Rxe8+ Qxe8 {0-1 (48) Li,H (1985)-Slade,T (2057) Chess.com INT 2020}) 18... Qd6 {[%emt 0:17:15]} 19. Bf4 {[%emt 0:10:03]} Qf8 {[%emt 0:02:56]} 20. h3 {[%emt 0:00:37]} Re8 {[%emt 0:00:41]} 21. Ne5 {[%emt 0:03:34]} Bd8 {[%emt 0:05:31]} 22. Nd3 {[%emt 0:25:01] Not much happened in this game.  Weighted Error Value: White=0.03 (flawless) /Black=0.02 (flawless)} 1/2-1/2

[Event "German Bundesliga 2021-22"]
[Site "Germany"]
[Date "2022.04.09"]
[Round "3.10"]
[White "Levin, Felix"]
[Black "Bluebaum, Matthias"]
[Result "0-1"]
[WhiteElo "2456"]
[BlackElo "2642"]
[Annotator "TA"]
[PlyCount "78"]
[EventDate "2022.03.05"]
[EventType "team-tourn"]
[EventCountry "GER"]
[SourceTitle "playchess.com"]
[Source "ChessBase"]
[SourceQuality "1"]
[TimeControl "40/5400+30:1800+30"]

{[%evp 9,78,0,0,0,0,5,0,0,11,5,13,8,13,0,0,0,0,-8,-7,0,0,0,0,0,0,-34,-31,-36,0,-43,-40,-52,-41,-71,-28,-56,-50,-113,-125,-127,-110,-145,-145,-146,-152,-139,-139,-224,-243,-297,-243,-226,-226,-312,-307,-403,-391,-431,-427,-444,-402,-435,-301,-304,-312,-289,-254,-260,-258,-344,-307]} 1. Nf3 {[%emt 0:00:00]} d5 {[%emt 0:00:00]} 2. g3 {[%emt 0:00:00]} b6 {[%emt 0:00:00]} 3. Bg2 {[%emt 0:00:00]} Bb7 {[%emt 0:00:00]} 4. c4 {[%emt 0:02:12]} dxc4 {[%emt 0:00:00]} 5. Qa4+ {[%emt 0:00:48]} Nd7 {[%emt 0:00:00]} 6. Qxc4 {[%emt 0:00:18] [#] Hoping for Ng5. A07: Réti Opening: New York and Capablanca Systems.} e6 {[%emt 0:01:48]} 7. O-O {[%emt 0:05:20]} Ngf6 {[%emt 0:03:39]} 8. b3 {[%emt 0:00:28] [#] The position is equal.} Bd6 $146 {[%emt 0:06:35]} ({Predecessor:} 8... c5 9. Bb2 Be7 10. d3 O-O 11. Nbd2 Rc8 12. Rac1 Qc7 13. Qc2 Rfd8 14. Rfd1 b5 15. Qb1 Qb8 16. Qa1 a6 17. Rc2 {½-½ (53) Soham,D (2336)-Lerch,J (2233) Rosenheim 2022}) 9. Bb2 {[%emt 0:01:21]} O-O {[%emt 0:00:19]} 10. d3 {[%emt 0:05:34]} a6 {[%emt 0:03:46]} 11. Nbd2 {[%emt 0:02:10]} b5 {[%emt 0:00:51]} 12. Qc2 {[%emt 0:00:11]} c5 {[%emt 0:01:24]} 13. Rac1 {[%emt 0:06:59]} Qb6 {[%emt 0:03:59]} 14. Qb1 {[%emt 0:01:38]} Rac8 {[%emt 0:02:56]} 15. Qa1 {[%emt 0:07:43]} Rfe8 {[%emt 0:02:47]} 16. Rc2 {[%emt 0:09:36]} e5 {[%emt 0:02:18]} 17. Nh4 {[%emt 0:11:21]} Bxg2 {[%emt 0:04:02]} 18. Nxg2 {[%emt 0:00:06]} Nb8 {[%emt 0:03:21]} 19. e4 {[%emt 0:13:01]} Nc6 {[%emt 0:02:40]} 20. Nf3 {[%emt 0:02:02]} Rcd8 {[%emt 0:07:13][%cal Oc5c4]} 21. Rfc1 {[%emt 0:05:00]} Qb8 {[%emt 0:06:48] &Nero is more active.} 22. Ba3 {[%emt 0:07:50]} Nd7 {[%emt 0:02:55][%cal Bf6d7,Bd7e5,Be5d3][%mdl 32]} 23. Ne3 {[%emt 0:01:02] Black continues to play with concentration.} ({White should play} 23. Rd1 $15) 23... Nd4 $17 {[%emt 0:05:02]} 24. Nxd4 {[%emt 0:00:19]} exd4 {[%emt 0:00:01]} 25. Nf5 {[%emt 0:01:55]} b4 {[%emt 0:01:09]} 26. Bb2 {[%emt 0:01:28]} Ne5 {[%emt 0:05:14]} 27. Rd1 {[%emt 0:06:36]} Qb5 {[%emt 0:01:48]} 28. Qc1 {[%emt 0:07:24]} (28. f4 $17 Nxd3 29. e5) 28... Bf8 $19 {[%emt 0:04:46]} ({Not} 28... Nxd3 29. Qg5 Be5 30. Ne7+ Kh8 31. Nd5 $17) 29. Kg2 {[%emt 0:02:00]} Nxd3 {[%emt 0:02:26]} 30. Qg5 {[%emt 0:00:08] [#] Black must now prevent Nh6+.} Ne5 {[%emt 0:00:01]} 31. h4 {[%emt 0:00:57]} Qc6 {[%emt 0:02:58]} 32. Re2 {[%emt 0:00:05]} f6 {[%emt 0:03:46]} 33. Qc1 {[%emt 0:00:04]} g6 {[%emt 0:01:42]} 34. Nh6+ {[%emt 0:00:28]} Bxh6 {[%emt 0:00:42]} 35. Qxh6 {[%emt 0:00:02]} Nf7 {[%emt 0:00:21]} 36. Qf4 {[%emt 0:00:22] Black has a decisive advantage.} f5 {[%emt 0:00:01]} 37. f3 {[%emt 0:00:36]} fxe4 {[%emt 0:00:06]} 38. Rxe4 {[%emt 0:00:46]} Rxe4 {[%emt 0:00:48]} 39. fxe4 {[%emt 0:00:21]} Re8 {[%emt 0:00:26] Weighted Error Value: White=0.24 (precise) /Black=0.10 (very precise)} 0-1